00361 a2200145 4500001000700000040002200007041001600029082002400045100001900069245004600088260003400134300000800168362001300176490002600189142210 cLeonardo Da Vinci aPortuguês a869.93 R574rbR574r aROCHA, Osvaldo aRosa Negrabos agrestes também verdejam bLivramentoc1980aSão Paulo a183 a19800000 aHistóra presente; 3